000 00304 a2200133 4500
000 nam a22 7a 4500
100 _aSingh, B D
110 _aSingh, B D
245 _aFundamentals of Genetics
250 _a5th/Latest edition
260 _bMedTech
_c2025
264 _bMedTech
_c2025
942 _cBK
999 _c396778
_d396778